[Event "2BLW 2223 SV Mülheim Nord II - SG Soli"]
[Site "?"]
[Date "2023.02.05"]
[Round "6.8"]
[White "Schmidt, Kevin"]
[Black "Bashylina, Luisa"]
[Result "1/2-1/2"]
[WhiteElo "1991"]
[BlackElo "2131"]
[PlyCount "67"]
[EventDate "2023.??.??"]

1. e4 c5 2. Nf3 d6 3. Bb5+ Nd7 4. c3 Ngf6 5. Qe2 a6 6. Bxd7+ Bxd7 7. O-O e6 8. d3 Be7 9. Bg5 O-O 10. Rd1 Bc6 11. Nbd2 Nd7 12. Bxe7 Qxe7 13. a4 Rac8 14. Nc4 b5 15. Na5 Ba8 16. axb5 axb5 17. Nb3 c4 18. dxc4 bxc4 19. Nbd2 Nb6 20. Ra6 Qc7 21. Nd4 Bb7 22. Ra7 Ra8 23. Rda1 Rxa7 24. Rxa7 Ra8 25. Rxa8+ Bxa8 26. Qh5 g6 27. Qb5 e5 28. Nc2 Bc6 29. Qb4 d5 30. exd5 Bxd5 31. Ne3 Be6 32. Ne4 Kg7 33. Nd6 Qc6 34. f3 1/2-1/2

[Event "2BLW 2223 Düsseldorfer SK - SF Neuberg"]
[Site "?"]
[Date "2023.02.25"]
[Round "7.1"]
[White "Lubbe, Nikolas"]
[Black "Agrest, Evgenij"]
[Result "1-0"]
[WhiteElo "2487"]
[BlackElo "2567"]
[PlyCount "123"]
[EventDate "2023.??.??"]

1. d4 d5 2. Nf3 Nf6 3. c4 c6 4. e3 a6 5. Nc3 e6 6. b3 Bb4 7. Bd2 Bd6 8. Bd3 c5 9. cxd5 exd5 10. dxc5 Bxc5 11. h3 O-O 12. O-O Nc6 13. Bc1 Qe7 14. Bb2 Rd8 15. Rc1 Ne4 16. Ne2 Bb6 17. Ned4 Qe8 18. Qe2 Rd6 19. Rfd1 Ne7 20. Bb1 Rh6 21. Ne5 Rf6 22. Nd3 Ng6 23. Nf3 Re6 24. Bd4 Bxd4 25. Nxd4 Rf6 26. Nf3 Qb5 27. Nd4 Qb6 28. Qc2 a5 29. Qc7 Qxc7 30. Rxc7 b6 31. f3 Nd6 32. Nb2 Ne8 33. Rc3 Ne7 34. g4 g5 35. Kf2 Bd7 36. Bd3 Nd6 37. Rc7 Rd8 38. Kg3 h6 39. h4 gxh4+ 40. Kxh4 Kf8 41. Kg3 Ne8 42. Rb7 Nd6 43. Ra7 Nec8 44. Rc7 Ne8 45. Rc2 Ncd6 46. Rh1 b5 47. Rc5 a4 48. Rxd5 axb3 49. axb3 Nc7 50. Rdh5 Kg7 51. e4 Nb7 52. Rc1 Na6 53. Nxb5 Nb4 54. Bf1 Be6 55. Nc7 Na2 56. Nxe6+ Rxe6 57. Rc7 Nd6 58. Nd3 Rb8 59. Nf4 Nxe4+ 60. fxe4 Rxb3+ 61. Kh4 Rxe4 62. Rf5 1-0

[Event "2BLW 2223 Düsseldorfer SK - SF Neuberg"]
[Site "?"]
[Date "2023.02.25"]
[Round "7.2"]
[White "Berelowitsch, Alexander"]
[Black "Bethke, Richard"]
[Result "1/2-1/2"]
[WhiteElo "2497"]
[BlackElo "2369"]
[PlyCount "192"]
[EventDate "2023.??.??"]

1. e4 e5 2. Nf3 Nc6 3. Bb5 a6 4. Ba4 b5 5. Bb3 Na5 6. Nxe5 Nxb3 7. axb3 Qe7 8. d4 d6 9. Nf3 Qxe4+ 10. Be3 Bf5 11. Nc3 Qxc2 12. Qxc2 Bxc2 13. Nxb5 Rc8 14. Rxa6 Bxb3 15. Ra7 Kd7 16. Kd2 Ne7 17. Rc1 Nc6 18. Ra6 Bd5 19. Nc3 Nb4 20. Ra4 Bxf3 21. gxf3 Rb8 22. Ra7 Nc6 23. Nd5 Rxb2+ 24. Kd3 Nxa7 25. Rxc7+ Ke6 26. Nf4+ Kf6 27. Rxa7 g5 28. Nh3 h6 29. d5 Kg6 30. Bd4 Bg7 31. Bxb2 Bxb2 32. f4 Rc8 33. Ng1 Rc3+ 34. Kd2 Rc5 35. Ne2 Rxd5+ 36. Ke3 f5 37. fxg5 hxg5 38. f4 g4 39. Ra8 Rd1 40. Rg8+ Kf7 41. Rg5 Ke6 42. Rg6+ Kd5 43. Rg5 Kc4 44. Rxf5 d5 45. Rg5 d4+ 46. Nxd4 Bc1+ 47. Kf2 Kxd4 48. Rxg4 Ke4 49. f5+ Kxf5 50. h3 Bf4 51. Rg8 Rd2+ 52. Kf3 Rd3+ 53. Ke2 Rxh3 54. Rf8+ Ke4 55. Re8+ Be5 56. Re7 Rh2+ 57. Ke1 Kd5 58. Kf1 Ra2 59. Re8 Kd4 60. Re7 Bf4 61. Re2 Ra7 62. Kg2 Be3 63. Kf3 Rf7+ 64. Kg4 Ke4 65. Rg2 Rf8 66. Rg3 Bf2 67. Rg2 Rg8+ 68. Kh3 Rh8+ 69. Kg4 Rf8 70. Kh3 Kf3 71. Rg3+ Ke2 72. Rg6 Rf4 73. Kg2 Re4 74. Rg8 Ra4 75. Rg6 Ba7 76. Re6+ Be3 77. Rg6 Ra1 78. Kh3 Kf3 79. Rg3+ Kf4 80. Rg4+ Kf5 81. Rb4 Rg1 82. Kh2 Rg8 83. Ra4 Bf4+ 84. Kh1 Rg3 85. Ra2 Ke4 86. Rg2 Rh3+ 87. Kg1 Be3+ 88. Kf1 Kd3 89. Rg8 Rh1+ 90. Kg2 Rg1+ 91. Kf3 Rf1+ 92. Kg4 Ke2 93. Kh5 Rf6 94. Kg4 Bd4 95. Ra8 Ke3 96. Re8+ Kd3 1/2-1/2

[Event "2BLW 2223 Düsseldorfer SK - SF Neuberg"]
[Site "?"]
[Date "2023.02.25"]
[Round "7.3"]
[White "Lubbe, Melanie"]
[Black "Orlov, Andrey"]
[Result "0-1"]
[WhiteElo "2261"]
[BlackElo "2512"]
[PlyCount "86"]
[EventDate "2023.??.??"]

1. e4 c5 2. Nf3 a6 3. c3 d5 4. exd5 Qxd5 5. d4 Nf6 6. Be2 e6 7. O-O Nc6 8. Be3 cxd4 9. Nxd4 Bd7 10. Bf3 Qd6 11. Nxc6 Bxc6 12. Qxd6 Bxd6 13. Bxc6+ bxc6 14. Bd4 e5 15. Re1 O-O 16. Be3 Nd5 17. Nd2 Rfd8 18. Nc4 Bc7 19. g3 f6 20. Bc5 Kf7 21. a4 Rab8 22. Rad1 g5 23. h3 h5 24. Kg2 Ke6 25. Rd2 h4 26. Kf3 hxg3 27. fxg3 Rh8 28. Kg2 Rh7 29. Rf2 Rbh8 30. Rh1 f5 31. Nd2 g4 32. h4 f4 33. Ne4 f3+ 34. Kh2 Nf6 35. Ng5+ Kf5 36. Nxh7 Rxh7 37. Be3 e4 38. Bg5 Nh5 39. Rg1 Bb6 40. Rd2 e3 41. a5 Ba7 42. Rd8 e2 43. Re1 Bf2 0-1

[Event "2BLW 2223 Düsseldorfer SK - SF Neuberg"]
[Site "?"]
[Date "2023.02.25"]
[Round "7.4"]
[White "Levin, Felix"]
[Black "Wahedi, Ahmad Siar"]
[Result "1-0"]
[WhiteElo "2449"]
[BlackElo "2260"]
[PlyCount "102"]
[EventDate "2023.??.??"]

1. d4 d5 2. Nf3 Nf6 3. c4 c6 4. Qc2 g6 5. Bf4 Bg7 6. e3 Nh5 7. Be5 f6 8. Bxb8 Rxb8 9. cxd5 Qxd5 10. Bc4 Qd6 11. h3 f5 12. Ng5 Ng3 13. Rg1 Ne4 14. Nxe4 fxe4 15. Nc3 Be6 16. Bxe6 Qxe6 17. Qxe4 Qd6 18. Qc2 O-O 19. Qb3+ Kh8 20. Ne4 Qc7 21. f4 Bxd4 22. exd4 Qxf4 23. Qd3 Rbd8 24. g3 Qf7 25. Rf1 Qd5 26. Rxf8+ Rxf8 27. O-O-O Qxa2 28. d5 Kg8 29. dxc6 bxc6 30. Nc3 Qe6 31. h4 a5 32. Qe4 Qf6 33. Re1 Rf7 34. Qc4 h6 35. Re6 Qf1+ 36. Qxf1 Rxf1+ 37. Kd2 Kf7 38. Rxc6 Rf3 39. Ne4 Rb3 40. Kc2 Re3 41. Rc4 Rf3 42. Rc3 Rf5 43. Rc5 Ke6 44. Kd2 Rxc5 45. Nxc5+ Kd5 46. Nb3 a4 47. Nc1 Ke4 48. Ke2 e5 49. Kf2 g5 50. hxg5 hxg5 51. Ke2 Kd4 1-0

[Event "2BLW 2223 Düsseldorfer SK - SF Neuberg"]
[Site "?"]
[Date "2023.02.25"]
[Round "7.5"]
[White "Lutz, Klaus-Juergen"]
[Black "Jogstad, Martin"]
[Result "1/2-1/2"]
[WhiteElo "2272"]
[BlackElo "2402"]
[PlyCount "222"]
[EventDate "2023.??.??"]

1. e4 c6 2. d4 d5 3. exd5 cxd5 4. Nf3 Nc6 5. Bb5 Nf6 6. Ne5 Qb6 7. Qe2 a6 8. Ba4 Qxd4 9. Nc3 Bd7 10. Nxd7 Nxd7 11. Bb3 Nf6 12. Bg5 O-O-O 13. Rd1 Qb4 14. a3 Qc5 15. Bxf6 exf6 16. O-O d4 17. Nb1 Qe5 18. Qg4+ f5 19. Qh3 Qf6 20. Nd2 Kc7 21. Rfe1 h5 22. f4 Bc5 23. Qd3 Ba7 24. Nf3 Rhe8 25. Kh1 Kb8 26. Qc4 Rxe1+ 27. Rxe1 d3 28. cxd3 Qxb2 29. Qxf7 Bf2 30. Rd1 Qc3 31. Bd5 Ne7 32. Bc4 b5 33. Rb1 Qd4 34. h3 Qf6 35. Bxb5 axb5 36. Rxb5+ Ka8 37. Qa2 Ba7 38. Ne5 Nc8 39. g4 Nb6 40. Qg2+ Kb8 41. Nc6+ Kc7 42. Rc5 Kd6 43. d4 Rc8 44. Nxa7 Rxc5 45. dxc5+ Kxc5 46. Qf2+ Kd5 47. Kg2 hxg4 48. hxg4 fxg4 49. Nb5 Qc6 50. Qd4+ Ke6+ 51. Kg3 Qf3+ 52. Kh4 Qh1+ 53. Kg5 Qh6+ 54. Kxg4 Qg6+ 55. Kf3 Qh5+ 56. Kg3 Qg6+ 57. Kf3 Qh5+ 58. Kg3 Qxb5 59. Qxg7 Qd5 60. Kf2 Qd2+ 61. Kf3 Qd1+ 62. Kf2 Nd7 63. Qg8+ Ke7 64. Qg7+ Ke6 65. Qg8+ Kf5 66. Qg5+ Ke4 67. Qg6+ Kd5 68. Qf7+ Kd6 69. Qg6+ Kc7 70. Qe4 Qd2+ 71. Kf3 Kd8 72. Qa8+ Ke7 73. Qe4+ Kf7 74. Qh7+ Kf8 75. Qh6+ Kf7 76. Qh7+ Ke6 77. Qh6+ Kd5 78. Qg5+ Kc4 79. Qg8+ Kd4 80. Qe6 Nc5 81. Qe7 Qd1+ 82. Kg3 Kc4 83. Qe3 Qc2 84. Kf3 Qg6 85. Qc1+ Kd5 86. Qd1+ Kc6 87. Qd4 Qh5+ 88. Kg3 Qf5 89. Qc4 Qb1 90. Kg4 Qg1+ 91. Kf5 Qg7 92. Qc1 Qf7+ 93. Kg4 Qg6+ 94. Kf3 Qe4+ 95. Kg4 Qe2+ 96. Kg5 Kd5 97. Qh1+ Ne4+ 98. Kf5 Qc2 99. Kg4 Ke6 100. Qh6+ Nf6+ 101. Kf3 Qe4+ 102. Kg3 Qe3+ 103. Kg2 Qe2+ 104. Kg1 Kf7 105. Qg5 Ng4 106. Qd5+ Kf6 107. Qg5+ Ke6 108. Qg8+ Kf5 109. Qg5+ Ke4 110. Qe7+ Kf3 111. Qxe2+ Kxe2 1/2-1/2

[Event "2BLW 2223 Düsseldorfer SK - SF Neuberg"]
[Site "?"]
[Date "2023.02.25"]
[Round "7.6"]
[White "Hainke, Guntram"]
[Black "Schaffer, Hendrik"]
[Result "0-1"]
[WhiteElo "2280"]
[BlackElo "2217"]
[PlyCount "114"]
[EventDate "2023.??.??"]

1. d4 Nf6 2. c4 g6 3. Nc3 Bg7 4. e4 d6 5. Be2 O-O 6. Nf3 e5 7. O-O Bg4 8. Be3 Bxf3 9. Bxf3 exd4 10. Bxd4 Nc6 11. Be3 Re8 12. Rc1 Nd7 13. b3 Nc5 14. Bxc5 dxc5 15. Qxd8 Raxd8 16. Nd5 Be5 17. Rfd1 Nd4 18. h3 c6 19. Ne3 h5 20. Kf1 Bf4 21. Re1 a5 22. Rb1 Kf8 23. Rb2 Be5 24. Rbb1 Ke7 25. Be2 Bf4 26. Bd3 Bxe3 27. Rxe3 g5 28. Be2 h4 29. Bg4 Kd6 30. Rb2 f6 31. Rd2 Re7 32. f3 Ke5 33. Kf2 Kf4 34. Red3 b6 35. Rd1 Ra8 36. Rb1 Ke5 37. Rbd1 Rb7 38. Rb1 a4 39. b4 cxb4 40. Rxb4 c5 41. Rb2 a3 42. Rbd2 Ra4 43. Rc3 Re7 44. g3 hxg3+ 45. Kxg3 Rb4 46. h4 Rb2 47. Rcd3 gxh4+ 48. Kxh4 Kf4 49. Kh5 Rg7 50. Kh6 Rg5 51. Bh5 Rg1 52. Bg6 Nxf3 53. Rd1 Rxd1 54. Rxd1 Rxa2 55. Kg7 Nd2 56. Re1 Ke5 57. Re2 Rb2 0-1

[Event "2BLW 2223 Düsseldorfer SK - SF Neuberg"]
[Site "?"]
[Date "2023.02.25"]
[Round "7.7"]
[White "Drill, Frank"]
[Black "Agrest, Inna"]
[Result "0-1"]
[WhiteElo "2006"]
[BlackElo "2266"]
[PlyCount "82"]
[EventDate "2023.??.??"]

1. d4 Nf6 2. Bf4 g6 3. Nc3 d5 4. e3 Bg7 5. h4 h6 6. Qd2 c6 7. Nf3 Bf5 8. Ne5 Nbd7 9. f3 h5 10. Be2 Qc8 11. O-O-O b5 12. Bd3 Bxd3 13. cxd3 Nb6 14. Kb1 Nfd7 15. Rc1 Nxe5 16. dxe5 Qe6 17. Ne2 Bxe5 18. Bxe5 Qxe5 19. Nd4 O-O 20. f4 Qh8 21. Nxc6 e6 22. Rhg1 Qf6 23. g4 hxg4 24. Rxg4 Rfc8 25. Ne5 Rxc1+ 26. Qxc1 Rc8 27. Qg1 Kf8 28. Qe1 Qe7 29. Rxg6 Qc5 30. Rg2 a5 31. Qg1 Ke7 32. a3 b4 33. d4 Qb5 34. axb4 axb4 35. Rg7 Qa4 36. Qg5+ Kd6 37. Nxf7+ Kc6 38. Qg1 b3 39. Qc1+ Nc4 40. Ne5+ Kb6 41. Rb7+ Ka6 0-1

[Event "2BLW 2223 Düsseldorfer SK - SF Neuberg"]
[Site "?"]
[Date "2023.02.25"]
[Round "7.8"]
[White "von Buenau, Heinrich"]
[Black "Buchinger, Alexis"]
[Result "1-0"]
[WhiteElo "2203"]
[BlackElo "1840"]
[PlyCount "133"]
[EventDate "2023.??.??"]

1. d4 Nf6 2. Nf3 g6 3. g3 Bg7 4. Bg2 O-O 5. O-O d6 6. c4 c6 7. e3 Bf5 8. Nc3 Ne4 9. Ne2 d5 10. b3 b5 11. cxd5 cxd5 12. Bb2 Bf6 13. Ne5 Bxe5 14. dxe5 Nc6 15. Nf4 Qd7 16. Qxd5 Qxd5 17. Nxd5 Rad8 18. Rfd1 Nc5 19. Rac1 Nd3 20. Rxd3 Bxd3 21. Rxc6 e6 22. Nf6+ Kg7 23. Ba3 Rh8 24. Be7 Rc8 25. Ng4 Rhe8 26. Nf6 Rh8 27. Nh5+ gxh5 28. Bf6+ Kg6 29. Bxh8 Rxh8 30. f4 Bb1 31. a3 Rd8 32. Rd6 Rc8 33. Bc6 Bc2 34. b4 Kf5 35. h3 a6 36. Kf2 Bb1 37. Ke2 Bc2 38. Bf3 Bb3 39. g4+ hxg4 40. hxg4+ Kg6 41. Be4+ Kg7 42. Kd2 h5 43. gxh5 Rh8 44. Bf3 Rc8 45. Rc6 Rd8+ 46. Kc3 Bc4 47. Rd6 Rc8 48. Kb2 Kh6 49. Rd7 Kg7 50. h6+ Kxh6 51. Rxf7 Rd8 52. Be4 Kh5 53. Kc1 Bd3 54. Bxd3 Rxd3 55. Rf6 Rxe3 56. Rxe6 Kg4 57. Rf6 Rxa3 58. e6 Ra1+ 59. Kd2 Ra2+ 60. Kd3 Kf3 61. f5 Re2 62. Rf7 Re3+ 63. Kd4 Kf4 64. e7 a5 65. f6 axb4 66. Rf8 b3 67. e8=Q 1-0

[Event "2BLW 2223 SV Mülheim Nord II - SV Oberu"]
[Site "?"]
[Date "2023.02.25"]
[Round "7.1"]
[White "Heinz, Axel"]
[Black "Lenaerts, Lennert"]
[Result "1/2-1/2"]
[WhiteElo "2437"]
[BlackElo "2373"]
[PlyCount "39"]
[EventDate "2023.??.??"]

1. e4 e5 2. Nf3 Nc6 3. Bb5 a6 4. Ba4 Nf6 5. O-O Be7 6. d3 b5 7. Bb3 d6 8. a3 O-O 9. Nc3 Na5 10. Ba2 Be6 11. Nd5 Nxd5 12. Bxd5 Bxd5 13. exd5 f5 14. b4 Nb7 15. c4 Qd7 16. Qb3 Bf6 17. Bb2 Kh8 18. Rac1 Rac8 19. c5 c6 20. cxd6 1/2-1/2

[Event "2BLW 2223 SV Mülheim Nord II - SV Oberu"]
[Site "?"]
[Date "2023.02.25"]
[Round "7.2"]
[White "Van Osch, Mees"]
[Black "Margolin, Boris"]
[Result "1/2-1/2"]
[WhiteElo "2374"]
[BlackElo "2379"]
[PlyCount "45"]
[EventDate "2023.??.??"]

1. e4 e5 2. Nf3 Nc6 3. Nc3 Nf6 4. Bb5 Bb4 5. O-O O-O 6. Bxc6 bxc6 7. Nxe5 Bxc3 8. dxc3 Qe7 9. Nd3 Qxe4 10. Re1 Qh4 11. b3 d6 12. Qf3 Bd7 13. c4 Rfe8 14. Bb2 Ne4 15. Re3 Ng5 16. Qg3 Qxg3 17. Rxg3 Ne6 18. Re1 Kf8 19. c5 f6 20. cxd6 cxd6 21. Ba3 c5 22. Rge3 Kf7 23. c3 1/2-1/2

[Event "2BLW 2223 SV Mülheim Nord II - SV Oberu"]
[Site "?"]
[Date "2023.02.25"]
[Round "7.3"]
[White "Dubiel, Jacek"]
[Black "Van Meegen, Ruud"]
[Result "1/2-1/2"]
[WhiteElo "2374"]
[BlackElo "2311"]
[PlyCount "45"]
[EventDate "2023.??.??"]

1. e4 c6 2. d4 d5 3. e5 c5 4. dxc5 e6 5. Nf3 Bxc5 6. Bd3 Ne7 7. O-O Nbc6 8. a3 Ng6 9. b4 Bb6 10. Bb2 O-O 11. Re1 f6 12. exf6 gxf6 13. c4 Nf4 14. Bf1 e5 15. cxd5 Qxd5 16. Qxd5+ Nxd5 17. Nbd2 Be6 18. g3 Rad8 19. Ne4 Nde7 20. Rac1 Nf5 21. Nc5 Bxc5 22. Rxc5 Rf7 23. Bc4 1/2-1/2

[Event "2BLW 2223 SV Mülheim Nord II - SV Oberu"]
[Site "?"]
[Date "2023.02.25"]
[Round "7.4"]
[White "Stillger, Bernhard"]
[Black "Stork, Oliver"]
[Result "1/2-1/2"]
[WhiteElo "2289"]
[BlackElo "2353"]
[PlyCount "92"]
[EventDate "2023.??.??"]

1. d4 Nf6 2. Nf3 g6 3. c4 Bg7 4. Nc3 c5 5. e4 cxd4 6. Nxd4 Nc6 7. Be3 Ng4 8. Qxg4 Nxd4 9. Qd1 e5 10. Bd3 d6 11. O-O O-O 12. a4 a6 13. a5 b6 14. axb6 Qxb6 15. Ra2 Be6 16. Qa4 f5 17. Nd5 Bxd5 18. cxd5 fxe4 19. Bxd4 exd4 20. Bxe4 d3 21. b3 Rac8 22. Bxd3 Rc3 23. Qxa6 Qxb3 24. Be4 Qb4 25. Qa4 Qc5 26. Rc2 Bd4 27. Rxc3 Qxc3 28. Bf3 Qd2 29. Qd1 Qf4 30. Qc1 Qh4 31. g3 Qf6 32. Bg2 Bxf2+ 33. Kh1 Qe5 34. Qc2 Bc5 35. Rxf8+ Kxf8 36. Qd1 Kg7 37. Qb1 Qe3 38. Qb7+ Kf6 39. Qb1 h5 40. Qf1+ Ke5 41. Qf4+ Qxf4 42. gxf4+ Kxf4 43. Bh3 g5 44. Be6 Kf3 45. Bf7 h4 46. h3 Kg3 1/2-1/2

[Event "2BLW 2223 SV Mülheim Nord II - SV Oberu"]
[Site "?"]
[Date "2023.02.25"]
[Round "7.5"]
[White "Weber, Samuel"]
[Black "Hoenig, Alexander"]
[Result "1/2-1/2"]
[WhiteElo "2282"]
[BlackElo "2200"]
[PlyCount "102"]
[EventDate "2023.??.??"]

1. e4 c6 2. d3 d5 3. Nd2 g6 4. Ngf3 Bg7 5. c3 e5 6. g3 Ne7 7. Bg2 O-O 8. O-O Na6 9. Nb3 dxe4 10. dxe4 b6 11. Be3 Bb7 12. Qc2 Qc7 13. Rfd1 Rad8 14. Rxd8 Rxd8 15. a4 c5 16. Nbd2 Nc8 17. Nc4 Qe7 18. Nfd2 Nc7 19. f3 Nd6 20. Bf1 Nce8 21. a5 Nxc4 22. Nxc4 Nd6 23. axb6 Nxc4 24. Bxc4 axb6 25. Ra7 Rd7 26. Qb3 Qd6 27. Bxf7+ Rxf7 28. Rxb7 c4 29. Rxb6 Qd3 30. Rb8+ Bf8 31. Qb6 Qd1+ 32. Kg2 Qxf3+ 33. Kh3 Qf1+ 34. Kh4 Kg7 35. Rxf8 Rxf8 36. Qc7+ Rf7 37. Qxe5+ Qf6+ 38. Qxf6+ Kxf6 39. Bd4+ Ke6 40. Kg5 Rb7 41. Kh6 Rxb2 42. Kxh7 Kf7 43. Kh6 Re2 44. Kg5 Rxe4 45. Bh8 Re8 46. Bf6 Ra8 47. Be5 Ra5 48. Kf4 Ke6 49. Bd4 Rf5+ 50. Ke4 g5 51. h3 Rb5 1/2-1/2

[Event "2BLW 2223 SV Mülheim Nord II - SV Oberu"]
[Site "?"]
[Date "2023.02.25"]
[Round "7.6"]
[White "Albers, Sasa"]
[Black "Yavorovsky, Valeriy"]
[Result "0-1"]
[WhiteElo "2069"]
[BlackElo "2342"]
[PlyCount "66"]
[EventDate "2023.??.??"]

1. e4 e6 2. d4 d5 3. Nd2 a6 4. Bd3 c5 5. dxc5 Bxc5 6. Ngf3 Nf6 7. O-O O-O 8. e5 Nfd7 9. Nb3 Be7 10. Qe2 Nc6 11. c3 f5 12. exf6 Nxf6 13. Nbd4 Nxd4 14. Nxd4 Qb6 15. Bf4 Bc5 16. Nb3 Bd6 17. Bxd6 Qxd6 18. Rae1 Bd7 19. Nd4 Rae8 20. Nf3 e5 21. Nd2 e4 22. Bc2 Ng4 23. g3 Qh6 24. h4 e3 25. fxe3 Rxe3 26. Qg2 Rxf1+ 27. Rxf1 Qd6 28. Rf3 Re1+ 29. Nf1 Qc5+ 30. Kh1 Bb5 31. Bb3 Ne3 32. Qd2 Rxf1+ 33. Rxf1 Bxf1 0-1

[Event "2BLW 2223 SV Mülheim Nord II - SV Oberu"]
[Site "?"]
[Date "2023.02.25"]
[Round "7.7"]
[White "Dolzhykova, Kateryna"]
[Black "Walter, Andreas"]
[Result "1-0"]
[WhiteElo "2275"]
[BlackElo "2147"]
[PlyCount "73"]
[EventDate "2023.??.??"]

1. e4 e5 2. Nf3 Nc6 3. d4 exd4 4. Nxd4 Nf6 5. Nc3 Bb4 6. Nxc6 bxc6 7. Qd4 Qe7 8. f3 d5 9. Bg5 c5 10. Bb5+ Bd7 11. Bxd7+ Qxd7 12. Qe5+ Qe6 13. Bxf6 gxf6 14. Qxd5 Qxd5 15. exd5 Bxc3+ 16. bxc3 Rb8 17. O-O-O Kd7 18. Rhe1 Rb6 19. Re4 Rhb8 20. Kd2 Kd6 21. c4 Rb1 22. Rxb1 Rxb1 23. Rh4 Rg1 24. g3 Ke5 25. Rxh7 Rf1 26. Ke2 Rc1 27. Kd3 Rd1+ 28. Kc3 Rf1 29. f4+ Ke4 30. Rxf7 Rf3+ 31. Kb2 Kd4 32. Rxc7 Kxc4 33. d6 Rf1 34. d7 Rd1 35. Rb7 a5 36. h4 a4 37. h5 1-0

[Event "2BLW 2223 SV Mülheim Nord II - SV Oberu"]
[Site "?"]
[Date "2023.02.25"]
[Round "7.8"]
[White "Bus, Tom"]
[Black "Neininger, Ralph"]
[Result "1/2-1/2"]
[WhiteElo "2116"]
[BlackElo "2117"]
[PlyCount "78"]
[EventDate "2023.??.??"]

1. Nf3 Nf6 2. c4 c5 3. g3 d5 4. cxd5 Nxd5 5. Bg2 Nc6 6. Nc3 Nc7 7. O-O e5 8. a3 Rb8 9. Rb1 f6 10. d3 Be7 11. Be3 Be6 12. Ne4 b6 13. b4 cxb4 14. axb4 Nd5 15. Bd2 Qd7 16. b5 Ncb4 17. d4 Qxb5 18. dxe5 O-O 19. Nd4 Qd7 20. exf6 gxf6 21. Bxb4 Nxb4 22. Nxe6 Qxe6 23. Ng5 fxg5 24. Rxb4 Rbd8 25. Rd4 Rxd4 26. Qxd4 Rd8 27. Qa4 a5 28. e3 Bc5 29. Rd1 Rxd1+ 30. Qxd1 Kg7 31. Bd5 Qe5 32. Qf3 Qf6 33. Qe4 Qe7 34. Qf5 a4 35. Be4 Kg8 36. Qd5+ Kg7 37. Qf5 Kg8 38. Bd5+ Kg7 39. Be4 Kg8 1/2-1/2

[Event "2BLW 2223 SV Koblenz - Aachener SV"]
[Site "?"]
[Date "2023.02.25"]
[Round "7.1"]
[White "Seel, Christian"]
[Black "Balog, Imre"]
[Result "1/2-1/2"]
[WhiteElo "2483"]
[BlackElo "2609"]
[PlyCount "96"]
[EventDate "2023.??.??"]

1. Nf3 Nf6 2. c4 c6 3. d4 d5 4. cxd5 cxd5 5. Nc3 Nc6 6. Bf4 Bf5 7. e3 e6 8. Qb3 Bb4 9. Bb5 O-O 10. Bxc6 Bxc3+ 11. Qxc3 Rc8 12. Ne5 Ng4 13. Nxg4 Bxg4 14. Qb4 bxc6 15. O-O a5 16. Qc5 a4 17. Rfe1 Qd7 18. Rac1 Qb7 19. Qa3 Ra8 20. h3 Bh5 21. b3 axb3 22. Qxb3 Qxb3 23. axb3 Ra6 24. Rc3 f6 25. b4 Rfa8 26. Rec1 Be8 27. Bc7 Ra1 28. Rxa1 Rxa1+ 29. Kh2 h5 30. h4 Kf7 31. Bd6 Kg6 32. Kg3 Kf5 33. f3 Ra6 34. Bf8 Ra7 35. Bc5 Ra8 36. Bf8 Bd7 37. Bd6 e5 38. Rc2 Ke6 39. Bc5 Be8 40. Rb2 Kf5 41. Bf8 Bd7 42. Bd6 e4 43. Rc2 g5 44. Rf2 Ke6 45. Bc5 Ra1 46. fxe4 dxe4 47. d5+ cxd5 48. Rxf6+ Kxf6 1/2-1/2

[Event "2BLW 2223 SV Koblenz - Aachener SV"]
[Site "?"]
[Date "2023.02.25"]
[Round "7.2"]
[White "Sulskis, Sarunas"]
[Black "Koch, Thomas"]
[Result "1-0"]
[WhiteElo "2509"]
[BlackElo "2436"]
[PlyCount "118"]
[EventDate "2023.??.??"]

1. e4 c5 2. Nf3 Nc6 3. Bb5 d6 4. O-O Bd7 5. Re1 Nf6 6. c3 a6 7. Bxc6 Bxc6 8. d4 Bxe4 9. Bg5 Bd5 10. c4 Bxf3 11. Qxf3 cxd4 12. Bxf6 gxf6 13. Qxb7 Rb8 14. Qxa6 Bh6 15. Qa7 Rxb2 16. Qxd4 Qb6 17. Qxb6 Rxb6 18. Nc3 e6 19. Rab1 Rxb1 20. Rxb1 Kd7 21. Rb7+ Kc6 22. Rxf7 Ra8 23. g3 f5 24. Nb5 Rxa2 25. Nd4+ Kc5 26. Nxe6+ Kxc4 27. f4 Re2 28. Rf6 Kd5 29. Nc7+ Kc6 30. Rxh6 Kxc7 31. Rxh7+ Kc6 32. Rf7 d5 33. Rf6+ Kc5 34. Rxf5 Kc4 35. Re5 Rc2 36. f5 d4 37. f6 d3 38. f7 d2 39. f8=Q d1=R+ 40. Qf1+ Rxf1+ 41. Kxf1 Rxh2 42. Re2 Rh8 43. Kg2 Kd3 44. Re7 Rg8 45. Re5 Kd4 46. Ra5 Ke4 47. Kh3 Rh8+ 48. Kg4 Rg8+ 49. Rg5 Rf8 50. Rg6 Ke5 51. Kh5 Kf5 52. g4+ Kf4 53. g5 Kf5 54. Rc6 Rh8+ 55. Rh6 Rf8 56. Rh7 Kf4 57. g6 Ke5 58. g7 Rf5+ 59. Kg4 Rf1 1-0

[Event "2BLW 2223 SV Koblenz - Aachener SV"]
[Site "?"]
[Date "2023.02.25"]
[Round "7.3"]
[White "Vandenbussche, Thibaut"]
[Black "Wiedenkeller, Michael"]
[Result "1/2-1/2"]
[WhiteElo "2442"]
[BlackElo "2431"]
[PlyCount "60"]
[EventDate "2023.??.??"]

1. e4 e5 2. Nf3 Nc6 3. d4 exd4 4. Bc4 Nf6 5. e5 d5 6. Bb5 Ne4 7. Nxd4 Bd7 8. Bxc6 bxc6 9. O-O Bc5 10. f3 Ng5 11. f4 Ne4 12. Be3 O-O 13. Nd2 Nxd2 14. Qxd2 Bb6 15. Nb3 f6 16. Rae1 fxe5 17. fxe5 Rxf1+ 18. Rxf1 Qg5 19. Re1 Re8 20. Bf2 Rxe5 21. Rxe5 Qxe5 22. c3 Qe4 23. h3 Qg6 24. Kh1 Bf5 25. Nc5 Be4 26. Bd4 h6 27. b4 Kh7 28. a4 Qg3 29. Kg1 Bxc5 30. Bxc5 a6 1/2-1/2

[Event "2BLW 2223 SV Koblenz - Aachener SV"]
[Site "?"]
[Date "2023.02.25"]
[Round "7.4"]
[White "Seul, Georg"]
[Black "Lemmers, Oscar"]
[Result "1-0"]
[WhiteElo "2350"]
[BlackElo "2355"]
[PlyCount "115"]
[EventDate "2023.??.??"]

1. e4 c5 2. Nf3 e6 3. d3 Nc6 4. g3 Nge7 5. Bg2 g6 6. O-O Bg7 7. c3 O-O 8. Be3 b6 9. d4 cxd4 10. Nxd4 Bb7 11. Na3 d5 12. Nxc6 Bxc6 13. Bg5 f6 14. exd5 Bxd5 15. Bxd5 Qxd5 16. Qxd5 Nxd5 17. Bd2 f5 18. Rad1 e5 19. Bg5 Nc7 20. Rd7 Ne6 21. Be7 Rf7 22. Rfd1 Re8 23. Bb4 a5 24. Rxf7 axb4 25. Rxg7+ Kxg7 26. cxb4 e4 27. h4 f4 28. gxf4 Nxf4 29. Rd7+ Kf6 30. Nc4 Rc8 31. Rf7+ Ke6 32. Rxf4 Rxc4 33. a3 Ke5 34. Rf7 Rc1+ 35. Kg2 Rc2 36. Rxh7 Kf4 37. Rf7+ Kg4 38. Re7 Kf4 39. b3 Rb2 40. Re6 Kf5 41. Rxb6 e3 42. Kf1 Rxf2+ 43. Ke1 Rg2 44. b5 Ke4 45. Re6+ Kd3 46. Rd6+ Ke4 47. b6 Rg1+ 48. Ke2 Rg2+ 49. Kf1 Rf2+ 50. Ke1 Rb2 51. b4 Rb1+ 52. Rd1 Rb2 53. b7 Rg2 54. Rd8 Rg1+ 55. Ke2 Rg2+ 56. Kf1 e2+ 57. Kxg2 e1=Q 58. Re8+ 1-0

[Event "2BLW 2223 SV Koblenz - Aachener SV"]
[Site "?"]
[Date "2023.02.25"]
[Round "7.5"]
[White "Sonntag, Hans-Hubert"]
[Black "Fritsche, Lutz"]
[Result "1/2-1/2"]
[WhiteElo "2295"]
[BlackElo "2307"]
[PlyCount "21"]
[EventDate "2023.??.??"]

1. e4 c5 2. Nf3 e6 3. d4 cxd4 4. Nxd4 Nf6 5. Nc3 Bb4 6. e5 Nd5 7. Bd2 Nxc3 8. bxc3 Be7 9. Qg4 Kf8 10. Bd3 Nc6 11. Qe2 1/2-1/2

[Event "2BLW 2223 SV Koblenz - Aachener SV"]
[Site "?"]
[Date "2023.02.25"]
[Round "7.6"]
[White "Hammes, Michael"]
[Black "Coenen, Norbert"]
[Result "1-0"]
[WhiteElo "2343"]
[BlackElo "2267"]
[PlyCount "47"]
[EventDate "2023.??.??"]

1. d4 d5 2. c4 e6 3. Nc3 Be7 4. Nf3 Nf6 5. Bg5 h6 6. Bh4 O-O 7. e3 Ne4 8. Bxe7 Qxe7 9. Rc1 c6 10. Bd3 Nxc3 11. Rxc3 dxc4 12. Rxc4 Nd7 13. O-O c5 14. dxc5 Nxc5 15. Bb1 b6 16. b4 Nd7 17. Rc7 Qd8 18. Qc2 Nf6 19. Rd1 Qe8 20. Ne5 g6 21. Nxf7 Rxf7 22. Qxg6+ Kf8 23. Qxh6+ Kg8 24. Rxf7 1-0

[Event "2BLW 2223 SV Koblenz - Aachener SV"]
[Site "?"]
[Date "2023.02.25"]
[Round "7.7"]
[White "Meessen, Rudolf"]
[Black "Stewart, Neil"]
[Result "1/2-1/2"]
[WhiteElo "2178"]
[BlackElo "2236"]
[PlyCount "93"]
[EventDate "2023.??.??"]

1. d4 d5 2. Nc3 Nf6 3. Bf4 e6 4. e3 Bb4 5. Nge2 O-O 6. h4 b6 7. a3 Bd6 8. h5 h6 9. Bxd6 Qxd6 10. Nf4 Bb7 11. Nd3 c5 12. Ne5 a6 13. f4 Nfd7 14. Qg4 Nxe5 15. fxe5 Qe7 16. O-O-O Nd7 17. Bd3 b5 18. Rdf1 Bc6 19. Rh3 c4 20. Be2 f5 21. Qh4 Qxh4 22. Rxh4 a5 23. g4 fxg4 24. Rg1 b4 25. Nb1 Rf2 26. Kd1 Nf8 27. Rhxg4 Ra7 28. Nd2 c3 29. bxc3 bxa3 30. Kc1 Rh2 31. Nf3 a2 32. Kd2 Rf2 33. Ra1 Rf7 34. Ne1 Bb5 35. Nd3 Bc4 36. Rf4 R7xf4 37. exf4 Rh2 38. Ke3 g6 39. Nf2 Bxe2 40. Kxe2 gxh5 41. Kf3 h4 42. Rxa2 Ng6 43. Rxa5 h3 44. Ra8+ Kg7 45. Ra7+ Kg8 46. Ra1 Rg2 47. Ra8+ 1/2-1/2